000 01167nam a2200325 ia4500
001 C2-0305465
003 PPAK
005 20210624230810.0
007 ta
008 100823s my a|||j ||||| | may d
020 _a9832576717
_qhardback
_c
040 _aPPAK
_beng
_cPPAK
_erda
082 0 4 _a069.209595
_223
090 0 0 _a069.209595
_bZAI
_dRK
100 0 _aFatin Diyana Mohamad Anuar,
_eauthor.
245 1 0 _aMuzium Maritim /
_cFatin Diyana Mohamad Anuar ; Nor Amani Aziz, Norhelmiza Mat Rahim, Fatin Diyana Mohamad Anuar
264 1 _aKuala Lumpur :
_bEra Visi,
_c[Date of publication not identified]
300 _a27 pages :
_bcolour illustrations ;
_c27 cm.
336 _2rdacontent
_atext
337 _2rdamedia
_aunmediated
338 _2rdacarrier
_avolume
490 1 _aSiri kenali muzium
650 1 0 _aMuseums
_zMalaysia
_vJuvenile literature
650 2 0 _aNavigation
_xHistory
_xJuvenile literature
700 0 _aNor Amani Aziz,
_eeditor.
700 0 _aNorhelmiza Mat Rahim,
_eeditor.
700 0 _aFatin Diyana Mohamad Anuar,
_eeditor.
830 0 _aSiri kenali muzium
942 _cB
_2ddc
999 _c108466
_d108466